000 00440nam a2200181Ia 4500
005 20240823010821.0
008 240823s9999||||xx |||||||||||||| ||und||
041 _aENGLISH
082 _A333.1154 N9
100 _aAbusalesh Shariff
245 0 _aIndia: Human Development Report
250 _a1st
260 _c1999
_b"Oxford,New Delhi"
500 _aYES
650 _aManagement
_bManagement Studies
942 _cBK
999 _c159731
_d159731